00365 2200145 4500245007500000250001100075100002600086650001600112650001700128005001900145260001800164041001400182084001400196336000900210 aAku dan Segala Cerita yang Ada di HidupkucJunior Pratama NunakihText aCet. 1 aJunior Pratama Nunaki aKarya Siswa aAutobiografi a20250521074638 aJakartac2025 aIndonesia a081 JUN a atext